000 00671nam a2200241Ia 4500
003 OSt
005 20220918203845.0
006 a|||||r|||| 00| 0
007 ta
008 220917b |||||||| |||| 00| 0 eng d
024 _a110,075
037 _cTextual
040 _aARTS
_cARTS
_beng
041 _2eng
_aeng
082 _aV45:3(J).L9, M9
100 _aFarazmand A
_9109941
245 0 _aState bureaucracy and revolution in modern Iran
_b Agrarian reforms and regime
260 _aN York
_bpreeger
_c1989
300 _axiv, 289p.
_ccm.
650 _aHISTORY
942 _hV45:3(J).L9, M9
_cTEXL
_2CC
999 _c233425
_d233425